[Event "COL-ch U20"]
[Site "Florencia Caqueta"]
[Date "2024.10.06"]
[Round "7"]
[White "Rodriguez Valencia, Sebastian"]
[Black "Barbosa Otero, Matthew"]
[Result "1/2-1/2"]
[WhiteElo "1945"]
[BlackElo "1628"]
[PlyCount "26"]
[EventDate "2024.10.06"]
[EventType "swiss (blitz)"]
[EventRounds "9"]
[EventCountry "COL"]
[SourceTitle "CB44_2024"]
[Source "Chessbase"]
[SourceDate "2024.10.30"]
[SourceVersion "1"]
[SourceVersionDate "2024.10.30"]
[SourceQuality "1"]

1. c4 Nf6 2. g3 g6 3. Bg2 Bg7 4. Nc3 0-0 5. Nf3 c6 6. 0-0 d5 7. cxd5 cxd5 8. d4 Nc6 9. a3 Bf5 10. Ne5 Nxe5 11. dxe5 Ng4 12. Bxd5 Nxe5 13. Bxb7 Rb8 1/2-1/2

[Event "Juegos Univers 31st blitz op"]
[Site "Pereira"]
[Date "2024.10.02"]
[Round "6"]
[White "Campos Perilla, Felix Santiago"]
[Black "Rodriguez Valencia, Sebastian"]
[Result "0-1"]
[WhiteElo "1773"]
[BlackElo "1916"]
[PlyCount "108"]
[EventDate "2024.10.02"]
[EventType "swiss"]
[EventRounds "14"]
[EventCountry "COL"]
[SourceTitle "EXT 2025"]
[Source "ChessBase"]
[SourceDate "2024.10.14"]
[SourceVersion "1"]
[SourceVersionDate "2024.10.14"]
[SourceQuality "1"]

1. e4 c5 2. c3 d5 3. exd5 Qxd5 4. d4 Nf6 5. Be3 Bg4 6. Be2 Bxe2 7. Qxe2 cxd4 8. Bxd4 Nc6 9. Nf3 e6 10. Be3 Be7 11. Nbd2 0-0 12. 0-0 Rad8 13. Nb3 Ng4 14. h3 Nxe3 15. Qxe3 Qh5 16. Rad1 Bf6 17. Qc5 Qg6 18. Qb5 Rb8 19. Rd7 Qc2 20. Rxb7 Rxb7 21. Qxb7 Ne5 22. Nxe5 Bxe5 23. Nc5 Rb8 24. Qxa7 Rxb2 25. Nd7 Qxc3 26. Qa8+ Bb8 27. Nxb8 Qc8 28. Rd1 Rxb8 29. Qe4 h6 30. a4 Qa6 31. Ra1 Qa5 32. Qd4 Rb4 33. Qd2 Rb1+ 34. Kh2 Qxd2 35. Rxb1 Qf4+ 36. Kg1 Qxa4 37. Rb8+ Kh7 38. Rb1 Qc2 39. Re1 Qd2 40. Re3 Qd5 41. Re1 e5 42. Re3 f5 43. Kh2 f4 44. Rf3 g5 45. Ra3 Qc5 46. Ra2 e4 47. g3 e3 48. fxe3 fxe3 49. Re2 Qd4 50. Kg2 Qe4+ 51. Kh2 Qf3 52. Rc2 e2 53. Rc7+ Kg6 54. Rc6+ Qxc6 0-1

[Event "Juegos Univers 31st blitz op"]
[Site "Pereira"]
[Date "2024.10.02"]
[Round "11"]
[White "Nieto Medina, Agustin"]
[Black "Rodriguez Valencia, Sebastian"]
[Result "1-0"]
[WhiteElo "2028"]
[BlackElo "1916"]
[PlyCount "111"]
[EventDate "2024.10.02"]
[EventType "swiss"]
[EventRounds "14"]
[EventCountry "COL"]
[SourceTitle "EXT 2025"]
[Source "ChessBase"]
[SourceDate "2024.10.14"]
[SourceVersion "1"]
[SourceVersionDate "2024.10.14"]
[SourceQuality "1"]

1. e4 c5 2. d4 cxd4 3. Nf3 d3 4. Bxd3 d6 5. Bc4 Nf6 6. Nc3 e6 7. 0-0 Be7 8. Qe2 0-0 9. Rd1 Qa5 10. a3 Nc6 11. b4 Nxb4 12. axb4 Qxa1 13. Na2 Nd7 14. Ba3 Qf6 15. Bc1 h6 16. Bd2 Ne5 17. Nxe5 Qxe5 18. Bc3 Qg5 19. g3 e5 20. Bd2 Qg6 21. Nc3 Be6 22. Nd5 Bxd5 23. Bxd5 Rac8 24. c4 b6 25. b5 Bg5 26. Bb4 Rfd8 27. Ra1 Rc7 28. Kg2 h5 29. Ra3 h4 30. Qg4 Qh6 31. Rf3 hxg3 32. Rxg3 Bf6 33. Rh3 Qg5 34. Qxg5 Bxg5 35. Ra3 Rdc8 36. Bxd6 Rxc4 37. Rxa7 Rc2 38. Rxf7 Kh8 39. Bxe5 Bf6 40. Bxf6 gxf6 41. Rxf6 Rb2 42. Rxb6 Kg7 43. Rb7+ Kf6 44. Kg3 Rcc2 45. b6 Ke5 46. f4+ Kd6 47. Kg4 Rxh2 48. Rb8 Rhg2+ 49. Kf5 Rb5 50. b7 Kc7 51. Rc8+ Kd7 52. b8Q Rxb8 53. Rxb8 Rh2 54. Ke5 Kc7 55. Rb7+ Kc8 56. Rg7 1-0

[Event "Juegos Univers 31st blitz op"]
[Site "Pereira"]
[Date "2024.10.02"]
[Round "5"]
[White "Rodriguez Valencia, Sebastian"]
[Black "Campos Perilla, Felix Santiago"]
[Result "0-1"]
[WhiteElo "1916"]
[BlackElo "1773"]
[PlyCount "76"]
[EventDate "2024.10.02"]
[EventType "swiss"]
[EventRounds "14"]
[EventCountry "COL"]
[SourceTitle "EXT 2025"]
[Source "ChessBase"]
[SourceDate "2024.10.14"]
[SourceVersion "1"]
[SourceVersionDate "2024.10.14"]
[SourceQuality "1"]

1. d4 f5 2. g3 Nf6 3. Bg2 e6 4. Nf3 Be7 5. c4 0-0 6. 0-0 h6 7. Nc3 d6 8. Re1 Ne4 9. Qc2 d5 10. cxd5 exd5 11. Bf4 c6 12. Ne5 Bg5 13. Bxg5 Qxg5 14. e3 Be6 15. Ne2 Nd7 16. Nf4 Qf6 17. Nfg6 Rfc8 18. b4 Nb6 19. Nf4 Bf7 20. a4 g5 21. Nfd3 Nd6 22. Nc5 Rc7 23. a5 Nbc4 24. Ncd3 Re8 25. a6 b6 26. Qa4 Ne4 27. Nxc4 dxc4 28. Ne5 b5 29. Qa5 Rce7 30. Rac1 Bd5 31. Qa1 g4 32. Qb2 h5 33. f3 Ng5 34. fxg4 hxg4 35. Rf1 Rf8 36. Qf2 Be4 37. Qf4 Bxg2 38. Kxg2 Nh3 0-1

[Event "Juegos Univers 31st rap op"]
[Site "Pereira"]
[Date "2024.10.02"]
[Round "3"]
[White "Rodriguez Valencia, Sebastian"]
[Black "Zapata Montoya, Andres Geronimo"]
[Result "0-1"]
[WhiteElo "1916"]
[BlackElo "2139"]
[PlyCount "86"]
[EventDate "2024.10.01"]
[EventType "swiss"]
[EventRounds "7"]
[EventCountry "COL"]
[SourceTitle "EXT 2025"]
[Source "ChessBase"]
[SourceDate "2024.10.14"]
[SourceVersion "1"]
[SourceVersionDate "2024.10.14"]
[SourceQuality "1"]

1. d4 Nf6 2. c4 e6 3. Nf3 b6 4. a3 Be7 5. Nc3 Ba6 6. e3 0-0 7. Bd3 c5 8. 0-0 d6 9. Qe2 Nbd7 10. Rd1 Rc8 11. b3 Re8 12. Bb2 Bb7 13. b4 cxd4 14. exd4 Nf8 15. Rac1 Ng6 16. Qd2 Bxf3 17. gxf3 Nh5 18. Bxg6 hxg6 19. Ne2 Bg5 20. f4 Bh6 21. c5 d5 22. Rc3 Qh4 23. Bc1 bxc5 24. bxc5 Rb8 25. Kh1 Qxf2 26. Rg1 Qh4 27. Rf3 Nf6 28. Ng3 Ne4 29. Qc2 Nxg3+ 30. Rgxg3 Qf6 31. Be3 Qf5 32. Qxf5 gxf5 33. Rf2 Rb1+ 34. Kg2 Reb8 35. Bd2 g6 36. Bb4 Rd1 37. Rd2 Rxd2+ 38. Bxd2 Rb2 39. Rc3 Rxd2+ 40. Kf3 Rxd4 41. c6 Bxf4 42. c7 Bxc7 43. Rxc7 Rd3+ 0-1

[Event "Pereira Cosecha op"]
[Site "Pereira"]
[Date "2024.08.29"]
[Round "3"]
[White "Rios Parra, Alejandro"]
[Black "Rodriguez Valencia, Sebastian"]
[Result "0-1"]
[WhiteElo "2176"]
[BlackElo "1889"]
[PlyCount "54"]
[EventDate "2024.08.28"]
[EventType "swiss"]
[EventRounds "9"]
[EventCountry "COL"]
[SourceTitle "EXT 2025"]
[Source "ChessBase"]
[SourceDate "2024.10.14"]
[SourceVersion "1"]
[SourceVersionDate "2024.10.14"]
[SourceQuality "1"]

1. e4 c5 2. Nf3 d6 3. d4 cxd4 4. Nxd4 Nf6 5. Nc3 a6 6. Bg5 Nbd7 7. Bc4 g6 8. Qd2 b5 9. Bd5 Nxd5 10. exd5 Bb7 11. 0-0 h6 12. Bh4 b4 13. Ne4 Qb6 14. Rfe1 Bxd5 15. Nf6+ Nxf6 16. Bxf6 Rh7 17. a3 Kd7 18. Bh4 Qb7 19. f3 e5 20. Ne2 g5 21. Bf2 g4 22. fxg4 Bxg2 23. Ng3 Rg7 24. Be3 Bh3 25. Bxh6 Rxg4 26. Bxf8 Rxf8 27. Rxe5 Rd4 0-1

[Event "Pereira Grajales Memorial"]
[Site "Pereira"]
[Date "2024.06.09"]
[Round "4"]
[White "Rodriguez Valencia, Sebastian"]
[Black "Rodas Garzon, Jhon Fredy"]
[Result "1-0"]
[WhiteElo "1890"]
[BlackElo "1739"]
[PlyCount "51"]
[EventDate "2024.06.07"]
[EventType "swiss"]
[EventRounds "7"]
[EventCountry "COL"]
[SourceTitle "CBM 220 Extra"]
[Source "ChessBase"]
[SourceDate "2024.07.31"]
[SourceVersion "1"]
[SourceVersionDate "2024.07.31"]
[SourceQuality "1"]

1. c4 Nf6 2. g3 c6 3. Qc2 e6 4. Bg2 d5 5. d3 Bb4+ 6. Nd2 Nbd7 7. Ngf3 0-0 8. 0-0 b6 9. e4 dxe4 10. Nxe4 Qc7 11. Bf4 Qb7 12. Nxf6+ Nxf6 13. Ne5 Bd7 14. a3 Be7 15. b4 b5 16. cxb5 Qxb5 17. Nxd7 Nxd7 18. Bxc6 Rac8 19. Bxb5 Rxc2 20. Bxd7 Rd8 21. Bb5 Bf6 22. Rab1 Ra2 23. a4 a6 24. Bc6 Rxd3 25. b5 Rxa4 26. b6 1-0

[Event "Pereira Grajales Memorial"]
[Site "Pereira"]
[Date "2024.06.08"]
[Round "2"]
[White "Rodriguez Valencia, Sebastian"]
[Black "Bustamante Herrera, Mateo"]
[Result "1-0"]
[WhiteElo "1890"]
[BlackElo "1678"]
[PlyCount "77"]
[EventDate "2024.06.07"]
[EventType "swiss"]
[EventRounds "7"]
[EventCountry "COL"]
[SourceTitle "CBM 220 Extra"]
[Source "ChessBase"]
[SourceDate "2024.07.31"]
[SourceVersion "1"]
[SourceVersionDate "2024.07.31"]
[SourceQuality "1"]

1. d4 Nf6 2. c4 e6 3. Nf3 d5 4. Bg5 Be7 5. e3 0-0 6. Nc3 b6 7. Bd3 Bb7 8. 0-0 c5 9. dxc5 Bxc5 10. cxd5 exd5 11. Qe2 h6 12. Bh4 d4 13. Ne4 dxe3 14. Nxf6+ gxf6 15. fxe3 Re8 16. Nd4 Rxe3 17. Qg4+ Kf8 18. Bxf6 Qxf6 19. Rxf6 Rxd3 20. Rxf7+ Kxf7 21. Rf1+ Ke8 22. Qg6+ Kd8 23. Qxd3 Nc6 24. Rf7 Ne5 25. Qf5 Nxf7 26. Qxf7 Bxd4+ 27. Kf1 Bc6 28. Qc4 Bc5 29. b4 a6 30. Qg8+ Kd7 31. Qg4+ Kd6 32. Qf4+ Kd5 33. bxc5 Kxc5 34. Qxh6 Bb5+ 35. Kg1 Re8 36. Qc1+ Kb4 37. h4 Ba4 38. h5 Rd8 39. h6 1-0

[Event "COL-ch U20"]
[Site "Cali"]
[Date "2024.03.03"]
[Round "9"]
[White "Rodriguez Valencia, Sebastian"]
[Black "Ramirez Villegas, Nicolas David"]
[Result "1-0"]
[WhiteElo "1823"]
[BlackElo "1547"]
[PlyCount "59"]
[EventDate "2024.02.28"]
[EventType "swiss"]
[EventRounds "9"]
[EventCountry "COL"]
[SourceTitle "CBM 219 Extra"]
[Source "ChessBase"]
[SourceDate "2024.05.31"]
[SourceVersion "1"]
[SourceVersionDate "2024.05.31"]
[SourceQuality "1"]

1. d4 d5 2. c4 e6 3. Nf3 c6 4. Nc3 dxc4 5. a4 b6 6. e3 Ba6 7. Ne5 b5 8. axb5 cxb5 9. Qf3 f6 10. Qxa8 fxe5 11. Be2 Qb6 12. Rxa6 Qxa6 13. Qxb8+ Kf7 14. Qxb5 Qxb5 15. Nxb5 exd4 16. exd4 Bb4+ 17. Bd2 Bxd2+ 18. Kxd2 Nf6 19. Bxc4 Rb8 20. Ra1 Ne4+ 21. Ke3 Ng5 22. h4 Rd8 23. Rxa7+ Kg6 24. hxg5 Kxg5 25. Bxe6 Rb8 26. Nc3 Rxb2 27. Ne4+ Kg6 28. g4 h5 29. Bf5+ Kh6 30. g5# 1-0

[Event "COL-ch U20"]
[Site "Cali"]
[Date "2023.06.25"]
[Round "6"]
[White "Hernandez Jimenez, Xavi"]
[Black "Rodriguez Valencia, Sebastian"]
[Result "1-0"]
[WhiteElo "1930"]
[BlackElo "1785"]
[PlyCount "65"]
[EventDate "2023.06.22"]
[EventType "swiss"]
[EventRounds "7"]
[EventCountry "COL"]
[SourceTitle "CBM 214 Extra"]
[Source "ChessBase"]
[SourceDate "2023.07.31"]
[SourceVersion "1"]
[SourceVersionDate "2023.07.31"]
[SourceQuality "1"]

1. d4 d5 2. Bf4 Nf6 3. Nf3 e6 4. e3 c5 5. c3 Be7 6. h3 Nc6 7. Nbd2 a6 8. a4 c4 9. Be2 Bd7 10. Ne5 Na5 11. 0-0 0-0 12. Bf3 b5 13. axb5 axb5 14. e4 Be8 15. Bg3 b4 16. Re1 Rc8 17. Bh4 bxc3 18. bxc3 Nc6 19. exd5 exd5 20. Nf1 Qd6 21. Ne3 Bd8 22. Bg3 Qe6 23. N3xc4 Nxe5 24. Nxe5 Qb6 25. Qd2 Qb3 26. Ng4 Qxc3 27. Qxc3 Rxc3 28. Bd6 Ne4 29. Bxf8 Kxf8 30. Ra8 Be7 31. Bxe4 dxe4 32. Ne3 Bg5 33. Nd5 1-0

[Event "COL-ch U26"]
[Site "Cali"]
[Date "2022.09.29"]
[Round "3"]
[White "Lopez Gonzalez, Carlos Andres"]
[Black "Rodriguez Valencia, Sebastian"]
[Result "1/2-1/2"]
[WhiteElo "1958"]
[BlackElo "1785"]
[PlyCount "44"]
[EventDate "2022.09.28"]
[EventType "swiss"]
[EventRounds "6"]
[EventCountry "COL"]
[SourceTitle "CBM 210 Extra"]
[Source "ChessBase"]
[SourceDate "2022.11.30"]
[SourceVersion "1"]
[SourceVersionDate "2022.11.30"]
[SourceQuality "1"]

1. e4 c5 2. Nf3 d6 3. d4 cxd4 4. Nxd4 Nf6 5. Nc3 g6 6. Be3 Bg7 7. f3 Nbd7 8. Qd2 a6 9. 0-0-0 b5 10. Kb1 Bb7 11. g4 Ne5 12. h4 Rc8 13. h5 Nxf3 14. Nxf3 Nxe4 15. Nxe4 Bxe4 16. hxg6 Rxc2 17. gxf7+ Kf8 18. Qxc2 Bxc2+ 19. Kxc2 Qc8+ 20. Kb1 Qxg4 21. Be2 Qf5+ 22. Rd3 Kxf7 1/2-1/2

[Event "COL-ch U26"]
[Site "Cali"]
[Date "2022.09.29"]
[Round "4"]
[White "Rodriguez Valencia, Sebastian"]
[Black "Tobar Beltran, Jorge Esteban"]
[Result "0-1"]
[WhiteElo "1785"]
[BlackElo "1907"]
[PlyCount "64"]
[EventDate "2022.09.28"]
[EventType "swiss"]
[EventRounds "6"]
[EventCountry "COL"]
[SourceTitle "CBM 210 Extra"]
[Source "ChessBase"]
[SourceDate "2022.11.30"]
[SourceVersion "1"]
[SourceVersionDate "2022.11.30"]
[SourceQuality "1"]

1. c4 f5 2. g3 Nf6 3. Bg2 g6 4. d4 Bg7 5. Nh3 0-0 6. Nd2 d6 7. b3 e5 8. Bb2 e4 9. e3 Nc6 10. a3 Qe8 11. 0-0 h6 12. f3 exf3 13. Qxf3 g5 14. Qe2 Ng4 15. Rfe1 Bd7 16. Rad1 Qh5 17. Nf1 Rae8 18. Qd2 Nf6 19. Nf2 Ne4 20. Nxe4 fxe4 21. Qc2 Bg4 22. Rd2 Bf3 23. b4 g4 24. Qa4 Rf5 25. Rf2 Ref8 26. Nd2 Nd8 27. Ref1 Ne6 28. Nxe4 Bxg2 29. Kxg2 Qh3+ 30. Kg1 Qxf1+ 31. Rxf1 Rxf1+ 32. Kg2 Ng5 0-1